[Event "16th ch-EUR Indiv w 2015"]
[Site "Chakvi GEO"]
[Date "2015.05.19"]
[Round "1.25"]
[White "Bodnaruk, Anastasia"]
[Black "Martynkova, Olena"]
[Result "1-0"]
[WhiteTitle "IM"]
[BlackTitle "WFM"]
[WhiteElo "2402"]
[BlackElo "2165"]
[WhiteFideId "4181751"]
[BlackFideId "14134039"]
[EventDate "2015.05.19"]

1. e4 c5 2. Nf3 e6 3. d4 cxd4 4. Nxd4 Nc6 5. Nc3 Qc7 6. Be2 a6 7. O-O Nf6 8. Be3
Bb4 9. Na4 Be7 10. Nxc6 bxc6 11. Bb6 Qb8 12. Bf3 O-O 13. c4 d6 14. Rc1 Nd7 15.
Ba5 Ne5 16. Be2 c5 17. f4 Nc6 18. Bc3 Qa7 19. Kh1 Nd4 20. Bxd4 cxd4 21. b4 Bb7
22. Bf3 e5 23. c5 dxc5 24. fxe5 Rac8 25. bxc5 Bxc5 26. Bg4 Rc7 27. e6 Bd6 28.
Rxc7 Bxc7 29. Qb3 Bd6 30. Rxf7 Rxf7 31. exf7+ Kf8 32. Qe6 Qb8 33. e5 Bc7 34. Bf5
d3 35. Bxd3 Qd8 36. Nc5 Bc8 37. Qc4 Bxe5 38. Ne4 Bd6 39. Nxd6 Qxd6 40. Qxc8+
Kxf7 41. Qxa6 Qe5 42. Qc4+ Kf8 43. g3 1-0

[Event "16th ch-EUR Indiv w 2015"]
[Site "Chakvi GEO"]
[Date "2015.05.19"]
[Round "1.26"]
[White "Gaboyan, Susanna"]
[Black "Daulyte, Deimante"]
[Result "0-1"]
[BlackTitle "IM"]
[WhiteElo "2153"]
[BlackElo "2402"]
[WhiteFideId "13303627"]
[BlackFideId "12802859"]
[EventDate "2015.05.19"]

1. d4 Nf6 2. c4 g6 3. Nc3 Bg7 4. Nf3 O-O 5. g3 c6 6. Bg2 d5 7. cxd5 cxd5 8. O-O
Nc6 9. Ne5 Nd7 10. Nxd7 Bxd7 11. e4 dxe4 12. d5 Ne5 13. Bxe4 Nc4 14. Qb3 Rc8 15.
Bg2 b6 16. Re1 Re8 17. Bf1 Ne5 18. Nb5 Rc5 19. a4 Bf5 20. Bg2 Bc2 21. Qa2 Nd3
22. Be3 Nxe1 23. Bxc5 Nxg2 24. Qc4 bxc5 25. Qxc2 a6 26. Nc3 Bxc3 27. Qxc3 Qxd5
28. f3 Rb8 29. Kxg2 Rb3 30. Qc2 Rxf3 31. Kg1 Qd4+ 32. Kg2 Rd3 0-1

[Event "16th ch-EUR Indiv w 2015"]
[Site "Chakvi GEO"]
[Date "2015.05.19"]
[Round "1.27"]
[White "Arakhamia-Grant, Ketevan"]
[Black "Kuchava, Ana"]
[Result "1-0"]
[WhiteTitle "GM"]
[WhiteElo "2393"]
[BlackElo "2135"]
[WhiteFideId "13600168"]
[BlackFideId "13605348"]
[EventDate "2015.05.19"]

1. e4 c5 2. Nf3 d6 3. Bb5+ Nd7 4. O-O a6 5. Bd3 Qc7 6. c3 Ngf6 7. Bc2 e5 8. d4
cxd4 9. cxd4 Be7 10. Nc3 O-O 11. Be3 b5 12. Rc1 Bb7 13. Bb1 Qd8 14. a3 Rc8 15.
h3 exd4 16. Nxd4 Nc5 17. f3 Re8 18. Nf5 Bf8 19. Bg5 Ne6 20. Bh4 Qb6+ 21. Kh2 Nh5
22. Qd2 a5 23. Bf2 Qd8 24. Nxb5 Ba6 25. a4 Nc5 26. Ba2 d5 27. Qxd5 Qxd5 28. Bxd5
Red8 29. Rfd1 g6 30. Bxc5 Bxc5 31. Nh6+ Kg7 32. Nxf7 Rd7 33. Ng5 Kf6 34. Ne6 Be3
35. Rxc8 Bxc8 36. g3 Re7 37. Ned4 Bf2 38. g4 Nf4 39. Rc1 Bd7 40. Bc6 h5 41. Rc2
Be3 42. Rc3 Bf2 43. Rc2 Be3 44. Bxd7 Rxd7 45. Ne2 hxg4 46. fxg4 g5 47. Nbc3 Ke5
48. Nxf4 Bxf4+ 49. Kg2 Rd3 50. Ne2 Kxe4 51. Nxf4 gxf4 52. Re2+ Kd4 53. Kh2 Re3
54. Rf2 Ke4 55. g5 Kf5 56. h4 Kg4 57. Rg2+ Kxh4 58. g6 f3 59. g7 Re2 60. Rxe2
fxe2 61. g8=Q e1=Q 62. Qc4+ Kg5 63. Qb5+ Kg6 64. Kg2 Qd2+ 65. Kf3 Qd1+ 66. Ke4
Qd2 67. Qc6+ Kh7 68. Qb5 Kg6 69. Ke5 Kh7 70. Ke6 Kh6 71. b3 Qc3 72. Kd6 Kh7 73.
Qd7+ Kh6 74. Qe6+ Kh7 75. Qd5 Kh6 76. Qc4 Qd2+ 77. Kc6 Kg7 78. Kb5 Kh8 79. Ka6
Qe1 80. Qc8+ Kg7 81. Qc7+ Kh8 82. Qxa5 Qh1 83. Qd8+ Kg7 84. Qc7+ Kh8 85. Qb8+
Kg7 86. Qb7+ 1-0

[Event "16th ch-EUR Indiv w 2015"]
[Site "Chakvi GEO"]
[Date "2015.05.19"]
[Round "1.28"]
[White "Folkova, Martina"]
[Black "Atalik, Ekaterina"]
[Result "1/2-1/2"]
[WhiteTitle "WFM"]
[BlackTitle "IM"]
[WhiteElo "2134"]
[BlackElo "2392"]
[WhiteFideId "304271"]
[BlackFideId "4130189"]
[EventDate "2015.05.19"]

1. e4 e5 2. Nf3 Nc6 3. Bb5 a6 4. Ba4 Nf6 5. O-O Nxe4 6. d4 b5 7. Bb3 d5 8. dxe5
Be6 9. Be3 Be7 10. c3 O-O 11. Nbd2 Qd7 12. Re1 Nxd2 13. Qxd2 Na5 14. Bc2 c5 15.
Bg5 Bxg5 16. Qxg5 h6 17. Qe3 Qe7 18. a4 Rfb8 19. axb5 axb5 20. h4 h5 21. Ng5 Nc4
22. Qe2 g6 23. Bd3 b4 24. Bxc4 dxc4 25. Ne4 Rxa1 26. Nf6+ Kg7 27. Rxa1 Qd8 28.
Qe3 Qd3 29. Qg5 Qe2 30. Ra6 bxc3 31. bxc3 Rb1+ 32. Kh2 Qxf2 33. Nxh5+ Kh7 34.
Nf6+ Kg7 35. Nh5+ Kh7 36. Nf6+ Kg7 37. Nh5+ Kh7 1/2-1/2

[Event "16th ch-EUR Indiv w 2015"]
[Site "Chakvi GEO"]
[Date "2015.05.19"]
[Round "1.29"]
[White "Gaponenko, Inna"]
[Black "Balajayeva, Khanim"]
[Result "1/2-1/2"]
[WhiteTitle "IM"]
[BlackTitle "WCM"]
[WhiteElo "2391"]
[BlackElo "2130"]
[WhiteFideId "14101181"]
[BlackFideId "13406396"]
[EventDate "2015.05.19"]

1. e4 e5 2. Nf3 Nc6 3. Bb5 a6 4. Bxc6 dxc6 5. O-O Bg4 6. h3 Bxf3 7. Qxf3 Qd7 8.
b4 f6 9. a4 h5 10. Bb2 g5 11. Qb3 Qf7 12. c4 Rd8 13. d4 exd4 14. Nd2 g4 15. c5
Bh6 16. Rad1 Bxd2 17. Qxf7+ Kxf7 18. Rxd2 gxh3 19. gxh3 Ne7 20. Rfd1 Rhg8+ 21.
Kf1 Ng6 22. Rxd4 Rxd4 23. Rxd4 Ke6 24. Rd3 Ne5 25. Bxe5 fxe5 26. a5 h4 27. Rd1
Ke7 28. Rd3 Ke6 29. Rd1 Ke7 30. Ke2 Rg2 31. Rh1 Rg8 32. Rd1 Rg2 33. Rh1 Rg8 34.
Rf1 b6 35. axb6 cxb6 36. Ra1 bxc5 37. bxc5 Ra8 38. Ra5 Kd7 39. Ke3 Rb8 40. Rxa6
Rb3+ 41. Ke2 Rxh3 42. Ra7+ Kd8 43. Rh7 Rc3 44. Rxh4 Rxc5 45. Rh7 Rb5 46. Rf7 Rb3
47. Kd2 Ra3 48. Ke2 Rb3 49. Ra7 Kc8 50. Re7 Rb5 51. Kf3 Kd8 52. Rf7 Rb4 53. Rh7
Ra4 54. Rh5 Ra5 55. Kg4 Rb5 56. Kf5 Ke7 57. Rh1 Rc5 58. Ra1 Kd6 59. Rd1+ Ke7 60.
Rd2 Rb5 61. Rc2 Kd6 62. Rd2+ Ke7 63. Rd3 Rc5 64. f3 Rb5 65. Rc3 Kd6 66. Rd3+ Ke7
67. Ra3 Kd6 68. Rd3+ Ke7 69. Rc3 Kd6 70. Kf6 Rb4 71. f4 exf4 72. e5+ Kd5 73. e6
Re4 74. e7 Kd4 75. Rxc6 Rxe7 76. Kxe7 f3 77. Rf6 Ke3 78. Rxf3+ Kxf3 1/2-1/2

[Event "16th ch-EUR Indiv w 2015"]
[Site "Chakvi GEO"]
[Date "2015.05.19"]
[Round "1.30"]
[White "Vakhania, Alexandra"]
[Black "Guseva, Marina"]
[Result "0-1"]
[BlackTitle "IM"]
[WhiteElo "2130"]
[BlackElo "2391"]
[WhiteFideId "13602560"]
[BlackFideId "4149351"]
[EventDate "2015.05.19"]

1. Nf3 d5 2. e3 Nf6 3. b3 Bg4 4. Bb2 Nbd7 5. h3 Bh5 6. d3 h6 7. g4 Bg6 8. Nbd2
e6 9. Qe2 c6 10. Bg2 a5 11. a4 Bb4 12. O-O O-O 13. Ne5 Nxe5 14. Bxe5 Nd7 15. Bb2
Qe7 16. f4 f6 17. Nf3 Rae8 18. e4 dxe4 19. dxe4 f5 20. Ne5 Nxe5 21. Bxe5 Rd8 22.
Rad1 Kh7 23. Kh2 fxg4 24. Qxg4 Bd6 25. Bxd6 Rxd6 26. Rxd6 Qxd6 27. Rd1 Qxf4+ 28.
Qxf4 Rxf4 29. Kg3 e5 30. Rd7 h5 31. Rxb7 h4+ 32. Kh2 Rf2 33. Kg1 Rxc2 34. Ra7
Rc5 35. Kf2 Kh6 36. Ke3 Rc3+ 37. Kf2 Rc2+ 38. Kg1 Rc5 39. Kf2 Bh7 40. Bf3 Bg8
41. Rb7 Rc2+ 42. Ke3 Rc3+ 43. Kf2 Bxb3 44. Re7 Rc5 45. Bg4 g6 46. Ke3 Bxa4 47.
Be6 Kg5 48. Ra7 Bc2 49. Bd7 a4 50. Ra6 Rc3+ 51. Kf2 Bxe4 52. Rxa4 Bf5 53. Be8
Bxh3 54. Ra6 Rc2+ 55. Kg1 Bg2 56. Ra5 h3 57. Rxe5+ Kf4 58. Re1 Bf3 0-1

[Event "16th ch-EUR Indiv w 2015"]
[Site "Chakvi GEO"]
[Date "2015.05.19"]
[Round "1.31"]
[White "Charochkina, Daria"]
[Black "Gavasheli, Ana"]
[Result "1-0"]
[WhiteTitle "WGM"]
[BlackTitle "WIM"]
[WhiteElo "2391"]
[BlackElo "2122"]
[WhiteFideId "4180917"]
[BlackFideId "13602586"]
[EventDate "2015.05.19"]

1. e4 d5 2. Nc3 d4 3. Nce2 c5 4. d3 Nc6 5. f4 g6 6. Ng3 h5 7. h4 Bg4 8. Be2 Nh6
9. Nh3 e5 10. Nf2 Be7 11. Nxg4 Nxg4 12. Nf1 Ne3 13. Nxe3 Bxh4+ 14. Kf1 dxe3 15.
Bxe3 b6 16. c3 exf4 17. Qa4 fxe3 18. Qxc6+ Kf8 19. Rh3 Bg5 20. Rf3 Kg7 21. Qb7
Rf8 22. Kg1 Qe7 23. Qxe7 Bxe7 24. Rxe3 Rad8 25. a4 Bg5 26. Rf3 Bf6 27. Bd1 Be5
28. Bb3 Rd6 29. Rd1 f5 30. exf5 Rxf5 31. Rxf5 gxf5 32. Rf1 Rxd3 33. Rxf5 Bf6 34.
Rf2 h4 35. Bc2 Re3 36. Rd2 Re7 37. Kf2 Be5 38. Rd5 Kf6 39. a5 Rg7 40. a6 Bg3+
41. Kf3 Be5 42. Ba4 Rc7 43. Bd7 Bg3 44. c4 Ke7 45. Bf5 Kf6 46. Be4 Be5 47. b3
Rg7 48. Kf2 Bc7 49. Rh5 Ke6 50. Ke3 Bd8 51. Rd5 Ke7 52. Bf3 Rg8 53. Rh5 Kd7 54.
Rh7+ Be7 55. Ke4 Kd6 56. Rh6+ Kd7 57. Kf5 Rg5+ 58. Kf4 Rg7 59. Rh5 Kc7 60. Kf5
Bd8 61. Rh6 Rf7+ 62. Ke4 Re7+ 63. Kd3 Rg7 64. Bb7 Kd7 65. Kc3 Rg3+ 66. Kb2 Rg7
67. Ka3 Rf7 68. Ka4 Rg7 69. Kb5 Rf7 70. Bc6+ Kc7 71. Bd5 Rg7 72. Bb7 Kd7 73. Be4
Rf7 74. Bf3 Rg7 75. Bd5 Kc8 76. Kc6 Rc7+ 77. Kb5 Rg7 78. Be6+ Kc7 79. Bh3 Kb8
80. Kc6 Rc7+ 81. Kd6 Be7+ 82. Kd5 Bf8 83. Rh8 Rf7 84. Ke6 Rf2 85. Bf5 1-0

[Event "16th ch-EUR Indiv w 2015"]
[Site "Chakvi GEO"]
[Date "2015.05.19"]
[Round "1.32"]
[White "Ivanova, Tatiana"]
[Black "Matveeva, Svetlana"]
[Result "0-1"]
[BlackTitle "IM"]
[WhiteElo "2121"]
[BlackElo "2380"]
[WhiteFideId "4109724"]
[BlackFideId "4119827"]
[EventDate "2015.05.19"]

1. d4 Nf6 2. Nf3 g6 3. Bg5 Bg7 4. Nbd2 d5 5. e3 O-O 6. Bd3 c5 7. c3 Qb6 8. Rb1
Nc6 9. O-O Nd7 10. b4 cxb4 11. cxb4 h6 12. b5 Nxd4 13. Bxe7 Re8 14. Ba3 Nc5 15.
Bxc5 Nxf3+ 16. Qxf3 Qxc5 17. Nb3 Qa3 18. Rfc1 Be6 19. h4 Rac8 20. Rxc8 Rxc8 21.
h5 g5 22. Qe2 Rc3 23. Rd1 Kf8 24. Bb1 Qb4 25. Nd4 Bxd4 26. exd4 Qc4 27. Qb2 Bg4
28. f3 Bxh5 29. Qf2 Rc1 30. Qd2 Rxd1+ 31. Qxd1 Qxb5 32. Qc2 Qc4 33. Qd2 Kg7 34.
Qe3 Qc7 35. Qb3 Qc1+ 36. Kf2 Qd2+ 37. Kf1 Qxd4 38. Qxb7 Qb6 39. Qxb6 axb6 0-1

[Event "16th ch-EUR Indiv w 2015"]
[Site "Chakvi GEO"]
[Date "2015.05.19"]
[Round "1.33"]
[White "Schleining, Zoya"]
[Black "Santeramo, Alessia"]
[Result "1-0"]
[WhiteTitle "WGM"]
[BlackTitle "WFM"]
[WhiteElo "2375"]
[BlackElo "2118"]
[WhiteFideId "4671660"]
[BlackFideId "850810"]
[EventDate "2015.05.19"]

1. d4 Nf6 2. Nf3 c5 3. d5 b5 4. Bg5 Ne4 5. Bh4 Bb7 6. e3 Qa5+ 7. c3 Na6 8. Nbd2
Nxd2 9. Qxd2 d6 10. e4 g6 11. a4 bxa4 12. Qc2 Nb8 13. Nd2 Bg7 14. Nc4 Qc7 15.
Qxa4+ Nd7 16. Qa5 Qxa5 17. Nxa5 Rb8 18. Nc4 a6 19. Bd3 Bc8 20. Kd2 Nb6 21. Kc2
Kd7 22. Ra2 Na8 23. Na5 Rb6 24. Rha1 Nc7 25. f3 e6 26. Nc4 Rb8 27. dxe6+ fxe6
28. Bg3 Nb5 29. Bf1 Bf8 30. Rd1 Kc6 31. Na5+ Kb6 32. Bxb5 axb5 33. Bxd6 Ra8 34.
b4 cxb4 35. cxb4 Bb7 36. Bxf8 Rhxf8 37. Rd6+ Kc7 38. Rxe6 Rac8 39. Kb3 Kd7 40.
Rb6 1-0

[Event "16th ch-EUR Indiv w 2015"]
[Site "Chakvi GEO"]
[Date "2015.05.19"]
[Round "1.34"]
[White "Mammadova, Narmin"]
[Black "Guramishvili, Sopiko"]
[Result "1/2-1/2"]
[WhiteTitle "WCM"]
[BlackTitle "IM"]
[WhiteElo "2117"]
[BlackElo "2370"]
[WhiteFideId "13403710"]
[BlackFideId "13602888"]
[EventDate "2015.05.19"]

1. e4 c5 2. c3 Nf6 3. e5 Nd5 4. Nf3 d6 5. d4 cxd4 6. cxd4 Nc6 7. Bc4 dxe5 8.
dxe5 Ndb4 9. Qxd8+ Nxd8 10. Na3 Bg4 11. O-O a6 12. Be2 h6 13. Bd2 Nbc6 14. Nc4
g5 15. Nb6 Rb8 16. Bc3 Bg7 17. Rfd1 Ne6 18. g3 Rd8 19. Rxd8+ Nexd8 20. Rd1 Bxf3
21. Bxf3 Bxe5 22. Bxc6+ Nxc6 23. Rd7 Bxc3 24. bxc3 Nd8 25. Rc7 Rg8 26. Nd5 Rg6
27. Rxe7+ Kf8 28. Rd7 Ke8 29. Re7+ Kf8 30. Rd7 Ke8 31. Re7+ Kf8 32. Rd7 1/2-1/2

[Event "16th ch-EUR Indiv w 2015"]
[Site "Chakvi GEO"]
[Date "2015.05.19"]
[Round "1.35"]
[White "Lomineishvili, Maia"]
[Black "Ghukasyan, Siranush"]
[Result "1-0"]
[WhiteTitle "IM"]
[WhiteElo "2364"]
[BlackElo "2100"]
[WhiteFideId "13600656"]
[BlackFideId "13300946"]
[EventDate "2015.05.19"]

1. d4 d5 2. c4 e6 3. Nc3 c6 4. Nf3 dxc4 5. a4 Bb4 6. e3 b5 7. Bd2 a5 8. axb5
Bxc3 9. Bxc3 cxb5 10. b3 Bb7 11. bxc4 b4 12. Bb2 Nf6 13. Bd3 O-O 14. O-O Nbd7
15. Nd2 Qc7 16. f4 a4 17. Rb1 Rfd8 18. Qe2 b3 19. Ra1 Qb6 20. f5 Re8 21. c5 Qc7
22. Nc4 Bd5 23. Nd6 Rf8 24. e4 Bc6 25. fxe6 fxe6 26. Bc4 Kh8 27. Bxe6 Bb7 28. e5
Ba6 29. Bc4 Bxc4 30. Qxc4 Ng4 31. Rxf8+ Rxf8 32. Nf7+ 1-0

[Event "16th ch-EUR Indiv w 2015"]
[Site "Chakvi GEO"]
[Date "2015.05.19"]
[Round "1.36"]
[White "Sviridova, Vlada"]
[Black "Osmanodja, Filiz"]
[Result "1-0"]
[WhiteTitle "WFM"]
[BlackTitle "WIM"]
[WhiteElo "2087"]
[BlackElo "2352"]
[WhiteFideId "24109606"]
[BlackFideId "24633569"]
[EventDate "2015.05.19"]

1. d4 d5 2. c4 c6 3. Nf3 Nf6 4. Nc3 dxc4 5. a4 Bf5 6. Ne5 Nbd7 7. Nxc4 Nb6 8.
Ne5 a5 9. f3 Nfd7 10. Nxd7 Qxd7 11. e4 Bg6 12. Be3 Qc7 13. Qb3 e5 14. dxe5 Bb4
15. Be2 O-O 16. f4 Bxe4 17. O-O Bf5 18. g4 Be6 19. Qc2 f5 20. exf6 Bxc3 21. bxc3
Rxf6 22. f5 Bc4 23. Bxc4+ Nxc4 24. Bd4 Rh6 25. Qe2 Qf7 26. Rae1 b6 27. Rf4 Nd6
28. Bxb6 Re8 29. Qf2 Rxe1+ 30. Qxe1 Qa2 31. Bf2 Rh3 32. Rd4 Rh6 33. Rxd6 1-0

[Event "16th ch-EUR Indiv w 2015"]
[Site "Chakvi GEO"]
[Date "2015.05.19"]
[Round "1.37"]
[White "Zimina, Olga"]
[Black "Zhorzholiani, Meri"]
[Result "0-1"]
[WhiteTitle "IM"]
[BlackTitle "WFM"]
[WhiteElo "2339"]
[BlackElo "2071"]
[WhiteFideId "4132190"]
[BlackFideId "13604031"]
[EventDate "2015.05.19"]

1. Nf3 d5 2. c4 c6 3. g3 Nf6 4. Bg2 g6 5. b3 Bg7 6. Bb2 O-O 7. O-O Nbd7 8. Qc2
Re8 9. Nc3 a6 10. Rac1 e5 11. cxd5 cxd5 12. Na4 Bf8 13. d4 e4 14. Ne5 Rb8 15. f3
Nxe5 16. dxe5 b5 17. Nc5 exf3 18. exf3 Bf5 19. Qf2 Nd7 20. Nxd7 Qxd7 21. Qd4 Be6
22. f4 Bg7 23. Rfd1 Red8 24. Ba3 Rbc8 25. Qb6 h5 26. Bd6 Rxc1 27. Rxc1 Rc8 28.
Rc5 f6 29. b4 fxe5 30. Bxe5 Bf8 31. Rxd5 Rc1+ 32. Kf2 Rc2+ 33. Ke3 Qf7 34. Be4
Rxa2 35. Rd8 Ra3+ 36. Kd2 Ra2+ 37. Kc3 Ra3+ 38. Kd4 Bf5 39. Rxf8+ Qxf8 40. Bd5+
Kh7 41. Qd6 Qxd6 42. Bxd6 a5 43. bxa5 Rxa5 44. Be7 Ra1 45. Kc3 Re1 46. Bc5 Re2
47. Bg1 Be4 48. Bf7 Rg2 49. Bd4 Rxh2 50. Bf6 Rg2 51. Bh4 Kg7 52. Be8 Rc2+ 53.
Kb3 Rc5 54. Kb4 Rc4+ 55. Kxb5 Rc7 56. Kb6 Rc3 57. Bb5 Kf7 58. Ka5 Ke6 59. Kb4
Rc1 60. Be8 Bf5 61. Kb3 Kd5 62. Kb2 Rc8 63. Ba4 Kd4 64. Bf6+ Ke3 65. Bh4 Bd3 66.
Ka3 Kf3 67. Kb4 Rc1 68. Bb3 Be4 69. Bc4 Rg1 70. Kc5 Rxg3 71. Kd4 Rg2 72. Bg5 h4
73. Bf1 Bf5 74. Ke5 Rg1 75. Ba6 Re1+ 76. Kf6 Re6+ 77. Kf7 Rxa6 0-1

[Event "16th ch-EUR Indiv w 2015"]
[Site "Chakvi GEO"]
[Date "2015.05.19"]
[Round "1.38"]
[White "Bokuchava, Madona"]
[Black "Mammadzada, Gunay"]
[Result "0-1"]
[WhiteTitle "WFM"]
[BlackTitle "WGM"]
[WhiteElo "2063"]
[BlackElo "2336"]
[WhiteFideId "13603663"]
[BlackFideId "13403729"]
[EventDate "2015.05.19"]

1. d4 d5 2. c4 c6 3. Nf3 Nf6 4. e3 Bf5 5. Bd3 Bg6 6. O-O e6 7. Ne5 Nbd7 8. Nxd7
Qxd7 9. Nc3 Bb4 10. a3 Be7 11. b3 Bxd3 12. Qxd3 O-O 13. Bb2 Rad8 14. Rfd1 Qc7
15. e4 dxe4 16. Nxe4 Qf4 17. Nxf6+ Bxf6 18. Qe3 Qf5 19. Bc3 Rd7 20. b4 Rfd8 21.
f4 b6 22. Rac1 g5 23. fxg5 Qxg5 24. Qf3 Bxd4+ 25. Bxd4 Rxd4 26. Rf1 R8d7 27. Rc3
c5 28. Qc6 Qe5 29. Rg3+ Kf8 30. Qa8+ Ke7 31. Rg8 Qe3+ 32. Kh1 Kd6 33. Qf8+ Ke5
34. Qg7+ Ke4 35. Qxh7+ f5 0-1

[Event "16th ch-EUR Indiv w 2015"]
[Site "Chakvi GEO"]
[Date "2015.05.19"]
[Round "1.39"]
[White "Fataliyeva, Ulviyya"]
[Black "Lingur, Zalina"]
[Result "1-0"]
[WhiteTitle "WIM"]
[BlackTitle "WFM"]
[WhiteElo "2331"]
[BlackElo "2057"]
[WhiteFideId "13403052"]
[BlackFideId "34165670"]
[EventDate "2015.05.19"]

1. e4 c5 2. Nf3 d6 3. d4 cxd4 4. Nxd4 Nf6 5. Nc3 a6 6. h3 e5 7. Nde2 h5 8. g3 b5
9. a4 b4 10. Nd5 Nxd5 11. Qxd5 Ra7 12. Be3 Be6 13. Qd2 Rd7 14. Qxb4 d5 15. Bc5
Nc6 16. Qb6 Qxb6 17. Bxb6 dxe4 18. Nc3 Nb4 19. Rc1 f5 20. Be2 Nd3+ 21. cxd3 exd3
22. O-O dxe2 23. Nxe2 Rd2 24. Rfe1 Kf7 25. Rc7+ Rd7 26. Rd1 Rxc7 27. Bxc7 Be7
28. Bxe5 Bb3 29. Ra1 Re8 30. Nd4 Bc4 31. Rc1 Rc8 32. Nxf5 g6 33. Nd4 Be6 34.
Rxc8 Bxc8 35. Kg2 Bd7 36. a5 Bc5 37. Ne2 Bc6+ 38. f3 Be3 39. b4 Bd2 40. Nd4 Bb7
41. Bd6 Bc3 42. Ne2 Bd2 43. Nd4 Bc3 44. Nc2 Ke6 45. Bc5 Bd5 46. Ne3 Bb7 47. Kf2
Kd7 48. Nc4 Kc6 49. Nd6 Ba8 50. Ke3 Be5 51. Ne4 Kb5 52. f4 Bc7 53. g4 Bb7 54. f5
hxg4 55. hxg4 gxf5 56. gxf5 Be5 57. Bd4 Bxd4+ 58. Kxd4 Kc6 59. f6 Kd7 60. Nc5+ 1-0

[Event "16th ch-EUR Indiv w 2015"]
[Site "Chakvi GEO"]
[Date "2015.05.19"]
[Round "1.40"]
[White "Khmiadashvili, Tamar"]
[Black "Ovod, Evgenija"]
[Result "1/2-1/2"]
[WhiteTitle "WGM"]
[BlackTitle "IM"]
[WhiteElo "2043"]
[BlackElo "2320"]
[WhiteFideId "13600346"]
[BlackFideId "4131827"]
[EventDate "2015.05.19"]

1. d4 f5 2. g3 g6 3. Bg2 Nf6 4. e3 Bg7 5. Ne2 d6 6. b3 e6 7. Bb2 Qe7 8. O-O Nbd7
9. Nd2 e5 10. dxe5 Nxe5 11. Nf4 O-O 12. Rb1 c6 13. Re1 d5 14. c4 g5 15. Bxe5
Qxe5 16. Nf3 Qc3 17. Rc1 Qa5 18. Nxg5 dxc4 19. Nge6 Bxe6 20. Nxe6 Rf7 21. bxc4
Qxa2 22. Nxg7 Kxg7 23. Qd4 Qa5 24. Ra1 Qc7 25. Rxa7 Rd7 26. Qc5 Rxa7 27. Qxa7
Qe5 28. Qa3 h5 29. Qa1 Qc5 30. Rc1 Kg6 31. Qc3 b5 32. Bf3 b4 33. Qb2 h4 34. gxh4
Rh7 35. Qd4 Qxd4 36. h5+ Nxh5 37. exd4 Nf4 38. Rb1 Rd7 39. Rxb4 Rxd4 40. h4 c5
41. Rb6+ Kg7 42. h5 Rxc4 43. Kh2 Rc2 44. h6+ Kh7 45. Kg3 Nd3 46. Bb7 Rxf2 47.
Bc8 c4 48. Rf6 c3 49. Rxf5 Rxf5 50. Bxf5+ Kxh6 51. Bxd3 1/2-1/2

[Event "16th ch-EUR Indiv w 2015"]
[Site "Chakvi GEO"]
[Date "2015.05.19"]
[Round "1.41"]
[White "Gvetadze, Sofio"]
[Black "Choladze, Mariam"]
[Result "1-0"]
[WhiteTitle "IM"]
[WhiteElo "2319"]
[BlackElo "1989"]
[WhiteFideId "13601440"]
[BlackFideId "13600931"]
[EventDate "2015.05.19"]

1. e4 c5 2. Nc3 e6 3. Nge2 Nc6 4. g3 Nf6 5. Bg2 d5 6. O-O d4 7. Nb1 e5 8. d3 Be7
9. h3 O-O 10. Nd2 a6 11. a4 Bd7 12. f4 b5 13. Nf3 Bd6 14. f5 c4 15. g4 h6 16.
Ng3 cxd3 17. cxd3 bxa4 18. Rxa4 Nb4 19. Ra1 Bb5 20. Ne1 Be7 21. g5 hxg5 22. Bxg5
Nd7 23. Bxe7 Qxe7 24. f6 Nxf6 25. Nf5 Qe6 26. Qd2 a5 27. Nxg7 Qa6 28. Nf5 Nh7
29. Rxa5 1-0

[Event "16th ch-EUR Indiv w 2015"]
[Site "Chakvi GEO"]
[Date "2015.05.19"]
[Round "1.42"]
[White "Tskhadadze, Anna"]
[Black "Charkhalashvili, Inga"]
[Result "0-1"]
[BlackTitle "WGM"]
[WhiteElo "1938"]
[BlackElo "2318"]
[WhiteFideId "4165098"]
[BlackFideId "13601431"]
[EventDate "2015.05.19"]

1. c4 Nf6 2. g3 e6 3. Bg2 d5 4. Nf3 c6 5. b3 Bd6 6. O-O Nbd7 7. Bb2 O-O 8. d4 b6
9. Nbd2 Bb7 10. Qc2 c5 11. Rac1 Rc8 12. Qb1 Re8 13. Rfd1 Qe7 14. Ne1 cxd4 15.
Bxd4 e5 16. Bb2 e4 17. Nc2 Ng4 18. e3 Nc5 19. Nb4 dxc4 20. Nxc4 Bb8 21. Bd4 Qe6
22. h3 Nf6 23. Nb2 Nfd7 24. Nc2 Ba6 25. Bxc5 Nxc5 26. Nb4 Bb7 27. Nc2 h5 28. Nd4
Qg6 29. h4 Qg4 30. Nc4 Ba6 31. Nd2 Bd3 32. Qb2 Be5 33. Re1 Rcd8 34. Qa3 Bxd4 35.
exd4 Rxd4 36. Re3 a5 37. Rxc5 bxc5 38. Qxc5 Rdd8 39. Qxa5 Ra8 40. Qd5 Qd1+ 41.
Nf1 Red8 42. Qf5 Rxa2 43. Rxd3 exd3 44. Be4 Ra1 0-1

[Event "16th ch-EUR Indiv w 2015"]
[Site "Chakvi GEO"]
[Date "2015.05.19"]
[Round "1.44"]
[White "Jalaghonia, Nino"]
[Black "Sedina, Elena"]
[Result "1/2-1/2"]
[WhiteTitle "WFM"]
[BlackTitle "IM"]
[WhiteElo "1865"]
[BlackElo "2312"]
[WhiteFideId "13605895"]
[BlackFideId "812153"]
[EventDate "2015.05.19"]

1. e4 e6 2. d4 d5 3. Nd2 c5 4. exd5 exd5 5. Ngf3 Nf6 6. Be2 Nc6 7. O-O c4 8. c3
Bd6 9. b3 cxb3 10. axb3 O-O 11. Bb2 Re8 12. c4 Bf5 13. c5 Bc7 14. Bc3 a6 15. b4
Ne4 16. Nxe4 dxe4 17. Ne1 Ne7 18. Bc4 Nd5 19. Bd2 Be6 20. Rc1 Nf4 21. Bxe6 Rxe6
22. g3 Nd5 23. Ng2 Qd7 24. Qb3 Rd8 25. Be3 f5 26. Rb1 Kh8 27. Bg5 Rf8 28. Ne3
Nxe3 29. fxe3 Rg6 30. Bf4 Bxf4 31. Rxf4 Qb5 32. Rbf1 Rgf6 33. g4 g6 34. Qb2 Kg7
35. R1f2 1/2-1/2

[Event "16th ch-EUR Indiv w 2015"]
[Site "Chakvi GEO"]
[Date "2015.05.19"]
[Round "1.45"]
[White "Sandu, Mihaela"]
[Black "Mammadova, Aysel"]
[Result "1-0"]
[WhiteTitle "WGM"]
[WhiteElo "2300"]
[BlackElo "1862"]
[WhiteFideId "1204327"]
[BlackFideId "13402161"]
[EventDate "2015.05.19"]

1. e4 e5 2. Nf3 Nc6 3. Bc4 Bc5 4. d3 Nf6 5. Bb3 O-O 6. O-O a5 7. c3 d5 8. exd5
Nxd5 9. Nbd2 Nf6 10. Qe2 Bg4 11. Ne4 Be7 12. h3 Bh5 13. Ng3 Bg6 14. Rd1 Bd6 15.
Nh4 Ne4 16. dxe4 Qxh4 17. a4 Bc5 18. Be3 Bxe3 19. Qxe3 Qe7 20. Bd5 Nd8 21. Rd2
c6 22. Bb3 Ne6 23. Nf5 Bxf5 24. exf5 Nc5 25. Bc2 Rad8 26. Rad1 Rxd2 27. Rxd2 f6
28. b4 axb4 29. cxb4 Na6 30. b5 Nb4 31. Bb3+ Kh8 32. Be6 Rd8 33. Rxd8+ Qxd8 34.
Qc5 Nd3 35. Qc4 Nf4 36. bxc6 bxc6 37. Qxc6 1-0

[Event "16th ch-EUR Indiv w 2015"]
[Site "Chakvi GEO"]
[Date "2015.05.19"]
[Round "1.46"]
[White "Tevzadze, Mariam"]
[Black "Mammadova, Gulnar"]
[Result "0-1"]
[BlackTitle "WGM"]
[WhiteElo "1834"]
[BlackElo "2293"]
[WhiteFideId "13605470"]
[BlackFideId "13403508"]
[EventDate "2015.05.19"]

1. d4 e6 2. Nf3 f5 3. Nc3 Nf6 4. Bg5 d5 5. e3 Be7 6. Bd3 O-O 7. O-O c5 8. h3 Nc6
9. Bb5 Bd7 10. Bxc6 Bxc6 11. Ne5 Be8 12. a4 Bh5 13. Qd2 Rc8 14. f4 a6 15. Rab1
Qc7 16. Bxf6 Bxf6 17. Kh1 Bxe5 18. fxe5 Qa5 19. Rfc1 Qb4 20. Qf2 f4 21. Qh4 Bg6
22. dxc5 Qxc5 23. exf4 d4 24. f5 Bxf5 25. Ne2 Rfd8 26. Nf4 Qxe5 27. Nd3 Qf6 28.
Qg3 Rd7 29. b4 Rdc7 30. b5 a5 31. b6 Rc3 32. Rf1 Rxc2 33. Rbc1 R2c3 34. Rcd1 Qd8
35. Rf3 Qxb6 36. Ne5 d3 37. Qg5 Qd4 38. Re3 h6 39. Qh5 Qxe3 40. Qf7+ Kh8 0-1